| 000 | 01297cam a2200361 a 4500 | ||
|---|---|---|---|
| 999 |
_c48118 _d48118 |
||
| 001 | 15546219 | ||
| 003 | Nust | ||
| 005 | 20170109175114.0 | ||
| 008 | 081205s2008 enk b 000 1 eng d | ||
| 010 | _a 2008482018 | ||
| 015 |
_aGBA865700 _2bnb |
||
| 016 | 7 |
_a014614020 _2Uk |
|
| 020 | _a9780141191959 (pbk.) | ||
| 035 | _a(OCoLC)ocn228195182 | ||
| 040 |
_aUKM _cUKM _dOCLCG _dDLC |
||
| 042 | _alccopycat | ||
| 043 | _ae-it--- | ||
| 050 | 0 | 0 |
_aPR3757.W2 _bC3 2008 |
| 082 | 0 | 0 |
_a823.6 _bWAL |
| 100 | 1 |
_aWalpole, Horace, _d1717-1797. |
|
| 245 | 1 | 4 |
_aThe castle of Otranto : _ba gothic story / Horace Walpole ; edited by W.S. Lewis with a new introduction and notes by E.J. Clery. |
| 250 | _aNew ed. | ||
| 260 |
_aOxford ; _aNew York : _bOxford University Press, _c2008. |
||
| 300 |
_axxxviii, 140 p. ; _c20 cm. |
||
| 440 | 0 | _aOxford world's classics | |
| 504 | _aIncludes bibliographical references (p. [116]-125). | ||
| 650 | 0 |
_aInheritance and succession _vFiction. |
|
| 651 | 0 |
_aItaly _vFiction. |
|
| 655 | 7 |
_aGothic fiction. _2gsafd |
|
| 655 | 7 |
_aHorror fiction. _2gsafd |
|
| 700 | 1 |
_aLewis, W. S. _q(Wilmarth Sheldon), _d1895-1979. |
|
| 906 |
_a7 _bcbc _ccopycat _d2 _encip _f20 _gy-gencatlg |
||
| 942 |
_2ddc _cBK |
||